|
|
|
|
| LEADER |
00637nam a22002052a 4500 |
| 001 |
001384877 |
| 003 |
CZ BrMZK |
| 005 |
20140507111204.0 |
| 007 |
ta |
| 008 |
140505s1963 gw er|||||||||||ger d |
| 040 |
|
|
|a ABA007
|b cze
|d BOA001
|
| 100 |
1 |
|
|a Markwardt, Fritz,
|d 1924-2011
|7 mzk2009496014
|4 aut
|
| 245 |
1 |
0 |
|a Blutgerinnungshemmende Wirkstoffe aus blutsaugenden Tieren /
|c Fritz Markwardt
|
| 260 |
|
|
|a Jena :
|b G. Fischer,
|c 1963
|
| 300 |
|
|
|a 10, 122 s.
|
| 504 |
|
|
|a Obsahuje bibliografii
|
| 910 |
|
|
|a BOA001
|b 2-0501.465
|
| 990 |
|
|
|a BK
|
| 991 |
|
|
|b 201404
|
| 996 |
7 |
|
|b 2619050027
|c 2-0501.465
|l HP2
|r DEN
|n 0
|w 001419634
|u 000010
|a 1
|e BOA001
|j MZK50
|s A
|